Połączone loga firm #3 - Statystyki

Ogólne statystyki
  • Ten quiz został rozwiązany 104 razy
  • Średni wynik to 17 z 32
Statystyki odpowiedzi
Wskazówka Dział Odpowiedź % Poprawnych
Samochodowy 🇩🇪 Audi
100%
Żywnościowy 🇺🇸 Burger King
96%
Sportowy 🇺🇸 New Balance
92%
Technologiczny 🇰🇷 Samsung
92%
Żywnościowy 🇺🇸 Kentucky FriedChicken
88%
Gier 🇯🇵 Nintendo
88%
Quizy 🇺🇸 JetPunk
86%
Medialny 🇺🇸 Pinterest
86%
Żywnościowy 🇺🇸 Frito-Lay
85%
Samochodowy 🇰🇷 Hyundai
80%
Gier 🇯🇵 PlayStation
80%
Sportowy 🇰🇷 Fila
78%
Samochodowy 🇯🇵 Suzuki
77%
Odzieżowy 🇮🇹 Gucci
76%
Samochodowy 🇯🇵 Nissan
76%
Gier 🇺🇸 Electronic Arts
62%
Odzieżowy 🇫🇷 Louis Vuitton
59%
Odzieżowy 🇮🇹 Ray-Ban
51%
Sportowy 🇺🇸 Under Armour
46%
Sportowy/Styl życia 🇺🇸 Converse
42%
Sportowy 🇯🇵 Asics
41%
Technologiczny 🇺🇸 General Electric
39%
Samochodwy 🇯🇵 Yamaha
31%
Samochodowy 🇺🇸 General Motors
20%
Napojowy 🇩🇰 Carlsberg
19%
Żywnościowy 🇺🇸 Campbell's
12%
Żywnościowy 🇺🇸 Kellogg's
9%
Napojowy🇺🇸🇧🇪 Budweiser
5%
Energiczny 🇺🇸 Texaco
5%
Gospodarstwo domowe 🇺🇸 Arm & Hammer
4%
Sportowy 🇬🇧 Speedo
3%
Żywnościowy 🇺🇸 General Mills
0%
Nie znaleziono quizów pasujących do podanych kryteriów
Rozkład punktacji
Procent ludzi z każdym wynikiem
Percentyl według liczby udzielonych odpowiedzi
Twoja historia wyników
Nie rozwiązałeś tego quizu